Statistiques concernant Samedi

Cliquez ici pour prendre le quiz!

Statistiques générales

  • Ce quiz a été pris 60 fois
  • Le résultat moyen est 3 sur 6

Statistiques - réponses

QuestionsRéponses% Correct
Pendant la journée du Samedi saint, selon l'usage catholique romain, les ______ des églises ne sonnent pas.Cloches
98%
Le nom samedi vient du latin Saturnii dies ce qui signifie « jour de _____ »Saturne
91%
Traditionnellement le samedi est considéré comme le _______ jour de la semaine.Septième
70%
Le samedi est considéré comme le sixième jour de la semaine par la numérotation ISO de ____ (année).1988
42%
Les Samedis des _____sont les jours où la liturgie orthodoxe prévoit qu'on prie pour les défunts.Âmes
9%
Le samedi de l'______ : cinquième et dernier samedi du Grand Carême dans l'Église orthodoxe.Acathiste
4%

Distribution des résultats

Percentile par nombre de réponses

% des personnes avec chaque résultat

Votre développement - résultats

Vous n’avez pas pris ce quiz